Представление документа в формате MARC21

ПолеНазваниеЗначение
  Тип записи a
  Библиографический уровень m
001 Контрольный номер RU/URAIT/588514
005 Дата корректировки 20260429163646.9
008 Кодируемые данные 260429s2026 RU y f j 000 0 rus u
020 Индекс ISBN __
a ISBN 978-5-534-13815-3
c Цена, тираж 0.00
040 Источник каталогиз. __
a Служба первич. каталог. ИКО Юрайт
c Служба, преобразующая запись ИКО Юрайт
e Правила каталог. RCR
041 Код языка издания __
a Код языка текста rus
044 Код страны публикации __
a Код страны публикации RU
080 Индекс УДК __
a Индекс УДК 744(075.32)
084 Индекс другой классификации/Индекс ББК __
2 Источник индекса rubbk
a Индекс другой классификации/Индекс ББК 30.11я73
100 Автор __
a Автор Иванова Л. А.
q Полное имя Иванова Лариса Алексеевна
245 Заглавие __
a Заглавие Инженерная графика для СПО. Тесты
b Продолж. заглавия учебное пособие для спо
c Ответственность Л. А. Иванова.
256 Характеристики компьютерного файла __
a Характеристики компьютерного файла Электрон. дан.
260 Выходные данные __
a Место издания Москва
b Издательство Юрайт
c Дата издания 2026
300 Физическое описание __
a Объем 35 с
440 Серия __
a Серия Профессиональное образование
500 Примечания __
a Примечание URL: https://urait.ru/bcode/588514 (дата обращения: 29.04.2026).
520 Аннотация __
a Аннотация Учебное пособие включает тесты по дисциплине «Техническое черчение». Тесты могут быть использованы как для самостоятельной подготовки к экзаменам, так и для проверки знаний студентов в ходе учебного процесса.
538 Прим. о системных особенностях __
a Прим. о системных особенностях Режим доступа: Электронно-библиотечная система Юрайт, для авториз. пользователей
653 Ключевые слова __
a Ключевые слова Инженерная графика и черчение
653 Ключевые слова __
a Ключевые слова Технические науки
653 Ключевые слова __
a Ключевые слова Инженерная графика
653 Ключевые слова __
a Ключевые слова Инженерная и компьютерная графика
653 Ключевые слова __
a Ключевые слова Начертательная геометрия. Инженерная графика
653 Ключевые слова __
a Ключевые слова Инженерная графика и начертательная геометрия
653 Ключевые слова __
a Ключевые слова Компьютерная и инженерная графика
653 Ключевые слова __
a Ключевые слова Техническая механика, инженерная графика
653 Ключевые слова __
a Ключевые слова Основы инженерной графики
653 Ключевые слова __
a Ключевые слова Начертательная геометрия и инженерная графика
653 Ключевые слова __
a Ключевые слова Основы компьютерной инженерной графики
653 Ключевые слова __
a Ключевые слова Компьютерная инженерная графика
653 Ключевые слова __
a Ключевые слова Инженерная графика и САПР
653 Ключевые слова __
a Ключевые слова Инженерная графика-база
653 Ключевые слова __
a Ключевые слова Инженерная компьютерная графика
856 Электронный адрес документа 40
n Местонахождение сервера Юрайт
g Электронная книга
q Тип электронного формата html
h Имя пользователя ЮРАЙТ
v Часы доступа к ресурсу 20271231
2 Способ доступа Показать документ
x Служебное примечание https://urait.ru/book/cover/9521733C-33C0-4F14-9A6E-11B92C27CF31
u URL https://urait.ru/bcode/588514
856 Электронный адрес документа 48
q Тип электронного формата cover
u URL https://urait.ru/book/cover/9521733C-33C0-4F14-9A6E-11B92C27CF31
911 __
u 0030=https://urait.ru/bcode/588514
911 __
u 073a=9785534138153
u 073d=0.00
911 __
u 106a=s
911 __
u 900l=
952 Тип литературы __
i Дисциплина Инженерная графика
952 Тип литературы __
i Дисциплина Инженерная и компьютерная графика
952 Тип литературы __
i Дисциплина Начертательная геометрия. Инженерная графика
952 Тип литературы __
i Дисциплина Инженерная графика и начертательная геометрия
952 Тип литературы __
i Дисциплина Компьютерная и инженерная графика
952 Тип литературы __
i Дисциплина Техническая механика, инженерная графика
952 Тип литературы __
i Дисциплина Основы инженерной графики
952 Тип литературы __
i Дисциплина Начертательная геометрия и инженерная графика
952 Тип литературы __
i Дисциплина Основы компьютерной инженерной графики
952 Тип литературы __
i Дисциплина Компьютерная инженерная графика
952 Тип литературы __
i Дисциплина Инженерная графика и САПР
952 Тип литературы __
i Дисциплина Инженерная графика-база
952 Тип литературы __
i Дисциплина Инженерная компьютерная графика